[Event "Bydgoszcz op-A"]
[Site "Bydgoszcz"]
[Date "2023.07.01"]
[Round "8"]
[White "Hryharovich, Aliaksei"]
[Black "Chaczynski, Kamil"]
[Result "1-0"]
[WhiteElo "2153"]
[BlackElo "2123"]
[PlyCount "163"]
[EventDate "2023.06.24"]
[EventType "swiss"]
[EventRounds "9"]
[EventCountry "POL"]
[SourceTitle "CBM 215 Extra"]
[Source "ChessBase"]
[SourceDate "2023.09.30"]
[SourceVersion "1"]
[SourceVersionDate "2023.09.30"]
[SourceQuality "1"]

1. d4 d5 2. c4 e6 3. Nf3 Nf6 4. g3 Bb4+ 5. Bd2 Be7 6. Bg2 0-0 7. 0-0 Nbd7 8. Qc2 c6 9. Rc1 b6 10. cxd5 cxd5 11. Bf4 Nh5 12. Bc7 Qe8 13. Nc3 Ba6 14. Qa4 Nb8 15. Qxe8 Rxe8 16. Ne5 Nf6 17. a4 Bb7 18. Nb5 Na6 19. Bd6 Ne4 20. Bxe4 dxe4 21. Bxe7 Rxe7 22. a5 bxa5 23. Rxa5 f6 24. Nc6 Bxc6 25. Rxc6 Nb4 26. Rc7 Rxc7 27. Nxc7 Rc8 28. Nxe6 Kf7 29. Nf4 Rc7 30. h4 Rb7 31. Rc5 Na6 32. Ra5 Nb4 33. d5 Ke7 34. h5 Kd6 35. Kg2 g5 36. hxg6 hxg6 37. Nxg6 Nxd5 38. Ra2 Kc5 39. Nf4 Nc7 40. Kh3 Nb5 41. Kg4 Nd6 42. Ra6 Rd7 43. Kh5 Kb5 44. Ra1 Rg7 45. g4 Rg5+ 46. Kh4 a5 47. Ne6 Re5 48. Nd4+ Kb6 49. Kg3 Rd5 50. e3 Nb5 51. Ra4 Nd6 52. Kf4 Kc7 53. Ra1 Kb6 54. Rh1 Re5 55. Rc1 Rd5 56. Rh1 Re5 57. Rh6 Ne8 58. Rh8 Nc7 59. Rb8+ Kc5 60. Rc8 Kb6 61. Rd8 Nd5+ 62. Kg3 Kc7 63. Ra8 Kb6 64. Rb8+ Ka6 65. Kh4 Ne7 66. Kg3 Nd5 67. Rb5 Rg5 68. Rc5 Kb6 69. Rb5+ Ka6 70. Kh4 Re5 71. Rc5 Kb6 72. Rc6+ Kb7 73. Re6 Rxe6 74. Nxe6 Kc6 75. Kh5 a4 76. Kg6 Kd6 77. Kf5 Nb6 78. Kxf6 Nc4 79. g5 Nxb2 80. g6 a3 81. Nd4 a2 82. Nc2 1-0

[Event "BLR-ch U20"]
[Site "Minsk"]
[Date "2023.04.12"]
[Round "3"]
[White "Hryharovich, Aliaksei"]
[Black "Naumovich, Yaroslav"]
[Result "1-0"]
[WhiteElo "2174"]
[BlackElo "2086"]
[PlyCount "57"]
[EventDate "2023.04.12"]
[EventType "tourn"]
[EventRounds "9"]
[EventCountry "BLR"]
[SourceTitle "EXT 2024"]
[Source "ChessBase"]
[SourceDate "2023.10.10"]
[SourceVersion "1"]
[SourceVersionDate "2023.10.10"]
[SourceQuality "1"]

1. c4 e6 2. Nc3 Nf6 3. e4 d5 4. cxd5 exd5 5. e5 d4 6. exf6 dxc3 7. Bb5+ Nc6 8. Qe2+ Be6 9. dxc3 Qxf6 10. Nf3 Bc5 11. Bg5 Qf5 12. Bd3 Qd5 13. 0-0 h6 14. Bf4 0-0-0 15. Rfd1 Qh5 16. b4 Bd6 17. Bxd6 Rxd6 18. Be4 Rhd8 19. Rxd6 Rxd6 20. Bxc6 Rxc6 21. Qe3 Ra6 22. h3 Qd5 23. a3 c5 24. c4 Qd6 25. bxc5 Qc7 26. Rd1 Ra5 27. Nd4 Qd7 28. Rd2 Bxc4 29. Nb3 1-0

[Event "BLR-ch U20"]
[Site "Minsk"]
[Date "2023.04.12"]
[Round "6"]
[White "Hryharovich, Aliaksei"]
[Black "Siniauski, Artsiom"]
[Result "1-0"]
[WhiteElo "2174"]
[BlackElo "2247"]
[PlyCount "61"]
[EventDate "2023.04.12"]
[EventType "tourn"]
[EventRounds "9"]
[EventCountry "BLR"]
[SourceTitle "EXT 2024"]
[Source "ChessBase"]
[SourceDate "2023.10.10"]
[SourceVersion "1"]
[SourceVersionDate "2023.10.10"]
[SourceQuality "1"]

1. c4 Nf6 2. Nc3 e5 3. Nf3 Nc6 4. e4 Bb4 5. d3 d6 6. a3 Bc5 7. b4 Bd4 8. Nxd4 Nxd4 9. Ne2 c5 10. Nxd4 cxd4 11. Be2 h6 12. f4 Be6 13. 0-0 Qe7 14. Qe1 Nh7 15. Qg3 f6 16. c5 dxc5 17. Bh5+ Kd7 18. fxe5 c4 19. dxc4 Bxc4 20. e6+ Kc6 21. b5+ Kxb5 22. Bd2 Ka6 23. Rf5 b6 24. Rc1 Qxe6 25. Bg4 Qf7 26. Rc5 f5 27. R5xc4 fxg4 28. Rc7 Qe8 29. Qd3+ Qb5 30. R1c4 Nf6 31. Ra4# 1-0

[Event "BLR-ch U20"]
[Site "Minsk"]
[Date "2023.04.12"]
[Round "2"]
[White "Strybuk, Artsiom I"]
[Black "Hryharovich, Aliaksei"]
[Result "1-0"]
[WhiteElo "2376"]
[BlackElo "2174"]
[PlyCount "77"]
[EventDate "2023.04.12"]
[EventType "tourn"]
[EventRounds "9"]
[EventCountry "BLR"]
[SourceTitle "EXT 2024"]
[Source "ChessBase"]
[SourceDate "2023.10.10"]
[SourceVersion "1"]
[SourceVersionDate "2023.10.10"]
[SourceQuality "1"]

1. d4 Nf6 2. c4 e6 3. Nc3 d5 4. Nf3 Be7 5. g3 0-0 6. Bg2 c6 7. 0-0 Nbd7 8. b3 b6 9. Bb2 Bb7 10. Qc2 c5 11. cxd5 exd5 12. Rfd1 Rc8 13. dxc5 Nxc5 14. Bh3 Ne6 15. Nd4 Nxd4 16. Rxd4 Rc7 17. Rad1 h6 18. b4 Qb8 19. Qb3 Rd8 20. Bg2 Qa8 21. a3 Rcd7 22. h4 Bc6 23. Bf3 a6 24. e3 Ne4 25. Nxe4 dxe4 26. Bg4 Rxd4 27. Bxd4 b5 28. Qc3 Bf8 29. Rc1 Bd7 30. Bxd7 Rxd7 31. Qc6 Rd8 32. Qb6 Rc8 33. Rc7 Rxc7 34. Qxc7 h5 35. Kg2 Qe8 36. Qb7 Kh7 37. Qxa6 Be7 38. Qb7 Bd8 39. Qc8 1-0

[Event "BLR-ch U20"]
[Site "Minsk"]
[Date "2022.04.20"]
[Round "9"]
[White "Hryharovich, Aliaksei"]
[Black "Runets, Ivan"]
[Result "1/2-1/2"]
[WhiteElo "2100"]
[BlackElo "2194"]
[PlyCount "96"]
[EventDate "2022.04.13"]
[EventType "tourn"]
[EventRounds "11"]
[EventCountry "BLR"]
[SourceTitle "CBM 207 Extra"]
[Source "ChessBase"]
[SourceDate "2022.05.31"]
[SourceVersion "1"]
[SourceVersionDate "2022.05.31"]
[SourceQuality "1"]

1. d4 Nf6 2. c4 e6 3. Nc3 Bb4 4. Qc2 d5 5. cxd5 exd5 6. Bg5 h6 7. Bxf6 Qxf6 8. a3 Bxc3+ 9. Qxc3 0-0 10. e3 c6 11. Nf3 Bf5 12. Be2 Nd7 13. 0-0 Qd6 14. b4 Nf6 15. Rfc1 Ne4 16. Qb2 Rac8 17. Bd3 Qf6 18. Bxe4 Bxe4 19. Nd2 Bf5 20. Rc3 Qg6 21. Kh1 Bd7 22. a4 Qd6 23. Rac1 g5 24. Kg1 Kg7 25. Rc5 f6 26. h3 Rfe8 27. R5c3 h5 28. Nf1 h4 29. Nd2 Rh8 30. b5 cxb5 31. Rxc8 Rxc8 32. Rxc8 Bxc8 33. Qxb5 b6 34. Nb1 Bd7 35. Qb3 Qc6 36. Nc3 Qc4 37. Qxc4 dxc4 38. f3 Kf7 39. Kf2 Ke6 40. e4 a6 41. Ke3 b5 42. axb5 axb5 43. Nd5 Bc6 44. Nb4 Bb7 45. Nc2 Kd6 46. Nb4 Ke6 47. Nc2 Kd6 48. Nb4 Ke6 1/2-1/2

[Event "BLR-ch U20"]
[Site "Minsk"]
[Date "2022.04.14"]
[Round "3"]
[White "Hryharovich, Aliaksei"]
[Black "Lazavik, Denis"]
[Result "0-1"]
[WhiteElo "2100"]
[BlackElo "2483"]
[PlyCount "108"]
[EventDate "2022.04.13"]
[EventType "tourn"]
[EventRounds "11"]
[EventCountry "BLR"]
[SourceTitle "CBM 207 Extra"]
[Source "ChessBase"]
[SourceDate "2022.05.31"]
[SourceVersion "1"]
[SourceVersionDate "2022.05.31"]
[SourceQuality "1"]

1. c4 Nf6 2. Nc3 e5 3. g3 Bb4 4. Bg2 0-0 5. e4 Bxc3 6. dxc3 d6 7. Ne2 Nbd7 8. 0-0 Nc5 9. Qc2 a5 10. b3 Bd7 11. Be3 b6 12. h3 Bc6 13. f3 Qe7 14. Nc1 Nh5 15. Kh2 Qe6 16. Ne2 a4 17. Bd2 Nf6 18. Rfe1 b5 19. b4 Ncd7 20. cxb5 Bxb5 21. f4 Qc4 22. Nc1 Nb6 23. fxe5 dxe5 24. Bf1 Qc6 25. Nd3 Nc4 26. Nc5 Nd7 27. Bxc4 Bxc4 28. Be3 Nxc5 29. Bxc5 Rfd8 30. Rad1 a3 31. Be7 Rxd1 32. Rxd1 h6 33. Bc5 Qb5 34. Rd2 Be6 35. Kg2 Qc4 36. Be3 f6 37. Bc5 Bf7 38. Kf2 Bg6 39. Qd3 Qxd3 40. Rxd3 Bxe4 41. Rd1 Bf5 42. h4 Be6 43. Rd2 g5 44. hxg5 hxg5 45. Be7 Kf7 46. Bd8 c6 47. Ke3 Bd5 48. Bc7 Ke6 49. Kd3 Ra7 50. Bb6 Rd7 51. Ke3 f5 52. Bc5 f4+ 53. gxf4 exf4+ 54. Kf2 Rh7 0-1

[Event "BLR-ch 1st League"]
[Site "Minsk"]
[Date "2021.12.11"]
[Round "3"]
[White "Hryharovich, Aliaksei"]
[Black "Runets, Ivan"]
[Result "0-1"]
[WhiteElo "1987"]
[BlackElo "2240"]
[PlyCount "176"]
[EventDate "2021.12.09"]
[EventType "swiss"]
[EventRounds "9"]
[EventCountry "BLR"]
[SourceTitle "EXT 2023"]
[Source "ChessBase"]
[SourceDate "2022.10.05"]
[SourceVersion "1"]
[SourceVersionDate "2022.10.05"]
[SourceQuality "1"]

1. d4 Nf6 2. Nf3 b6 3. Bf4 Bb7 4. e3 g6 5. h3 Bg7 6. c3 d6 7. Nbd2 0-0 8. Be2 Nbd7 9. 0-0 Re8 10. Bh2 c5 11. a4 a6 12. Re1 Qc7 13. Bc4 h6 14. Qb3 e6 15. e4 Bf8 16. e5 Nh7 17. d5 exd5 18. Bxd5 Nxe5 19. Bxb7 Qxb7 20. Nxe5 dxe5 21. Bxe5 Rad8 22. Nf3 Qc6 23. c4 Bg7 24. Bxg7 Kxg7 25. Rxe8 Rxe8 26. a5 Rb8 27. Ne5 Qd6 28. Qc3 f6 29. Nf3 Nf8 30. axb6 Rxb6 31. Qc2 Qb8 32. Ra2 Qb7 33. Nh4 Qe7 34. Nf3 Ne6 35. Ra3 Qb7 36. Qe2 Nf4 37. Qd2 g5 38. Re3 Rxb2 39. Qd8 Re2 40. Rxe2 Nxe2+ 41. Kh2 Nf4 42. Qd6 Qa7 43. Nd2 Kf7 44. g3 Ne6 45. Qd5 Qe7 46. Ne4 Kg6 47. Nd6 Nd4 48. Qxc5 Qe5 49. Qc7 Qe6 50. Kg2 h5 51. Qc5 Qe5 52. Qc7 Qe6 53. Qc5 Nc2 54. Qc6 g4 55. hxg4 hxg4 56. Qb6 Ne1+ 57. Kf1 Nf3 58. Qb1+ f5 59. Qd1 Qe5 60. Kg2 Nd4 61. Nc8 Qe4+ 62. Kg1 Nf3+ 63. Kg2 Nh4+ 64. Kf1 Qxc4+ 65. Qe2 Qc1+ 66. Qe1 Qc4+ 67. Qe2 Nf3 68. Qxc4 Nd2+ 69. Ke2 Nxc4 70. Kd3 Ne5+ 71. Kd4 Kf6 72. Nb6 Ke6 73. Nd5 Nc6+ 74. Kc5 Nb8 75. Nc7+ Ke5 76. Kb6 Ke4 77. Kb7 a5 78. Kxb8 a4 79. Nb5 Kf3 80. Kc7 Kxf2 81. Kd6 Kxg3 82. Kd5 Kh2 83. Kc4 g3 84. Nd4 g2 85. Nf3+ Kg3 86. Ng1 f4 87. Ne2+ Kf3 88. Kd3 a3 0-1

[Event "BLR-ch U18"]
[Site "Minsk"]
[Date "2021.02.06"]
[Round "3"]
[White "Navumenka, Mikhei"]
[Black "Hryharovich, Aliaksei"]
[Result "1/2-1/2"]
[WhiteElo "2072"]
[BlackElo "1908"]
[PlyCount "73"]
[EventDate "2021.02.04"]
[EventType "swiss"]
[EventRounds "9"]
[EventCountry "BLR"]
[SourceTitle "EXT 2022"]
[Source "ChessBase"]
[SourceDate "2021.10.06"]
[SourceVersion "1"]
[SourceVersionDate "2021.10.06"]
[SourceQuality "1"]

1. d4 Nf6 2. Nf3 e6 3. c4 Bb4+ 4. Bd2 Qe7 5. g3 Bxd2+ 6. Nbxd2 d6 7. Bg2 0-0 8. 0-0 e5 9. e3 Bg4 10. Qb3 c6 11. h3 Bxf3 12. Nxf3 Na6 13. Rac1 Rab8 14. Rfd1 e4 15. Nd2 Nc7 16. Qc2 Rbe8 17. b4 d5 18. Rb1 dxc4 19. Qxc4 Nb5 20. Qb3 Nd6 21. a4 a6 22. Nc4 Nd5 23. Rdc1 f5 24. b5 axb5 25. Nxd6 Qxd6 26. axb5 g5 27. bxc6 bxc6 28. Qc4 Re6 29. Qc5 Qxc5 30. Rxc5 f4 31. Re1 fxe3 32. fxe3 h6 33. Bf1 Rf3 34. Bc4 Kg7 35. Bxd5 cxd5 36. Kg2 Ra6 37. Re2 1/2-1/2

[Event "BLR-ch U18"]
[Site "Minsk"]
[Date "2020.02.13"]
[Round "7"]
[White "Runets, Ivan"]
[Black "Hryharovich, Aliaksei"]
[Result "1-0"]
[WhiteElo "2300"]
[BlackElo "1859"]
[PlyCount "49"]
[EventDate "2020.02.07"]
[EventType "swiss"]
[EventRounds "9"]
[EventCountry "BLR"]
[SourceTitle "CBM 195 Extra"]
[Source "ChessBase"]
[SourceDate "2020.05.31"]
[SourceVersion "1"]
[SourceVersionDate "2020.05.31"]
[SourceQuality "1"]

1. d4 d5 2. c4 e6 3. Nc3 Nf6 4. Nf3 Be7 5. Bg5 0-0 6. e3 h6 7. Bxf6 Bxf6 8. Qc2 b6 9. h4 Bb7 10. cxd5 exd5 11. g4 Be7 12. g5 h5 13. Bh3 Nd7 14. g6 fxg6 15. Qxg6 Rf6 16. Qxh5 Nf8 17. Ng5 c5 18. Be6+ Rxe6 19. Qf7+ Kh8 20. Nxe6 Nxe6 21. Qxe6 cxd4 22. exd4 Qe8 23. 0-0-0 Rc8 24. Rhe1 Rc7 25. Kb1 1-0